James Bond by Poster - Statistics

General Stats
  • This quiz has been taken 18 times
  • The average score is 17 of 25
Answer Stats
Picture Answer % Correct
Spectre
88%
Casino Royale
82%
Dr. No
82%
Goldfinger
82%
Moonraker
82%
No Time to Die
82%
Quantum of Solace
82%
Diamonds Are Forever
76%
GoldenEye
76%
Skyfall
76%
The Man with the Golden Gun
76%
Octopussy
71%
Thunderball
71%
Die Another Day
65%
From Russia with Love
65%
Licence to Kill
65%
The World Is Not Enough
65%
Live and Let Die
59%
The Spy who Loved Me
59%
On Her Majesty's Secret Service
53%
The Living Daylights
53%
You Only Live Twice
53%
A View to a Kill
47%
For Your Eyes Only
47%
Tomorrow Never Dies
47%
No matching quizzes found
Score Distribution
Percent of People with Each Score
Percentile by Number Answered
Your Score History
You have not taken this quiz